000 00449nam a2200169 4500
001 107052
003 ES-MaACL
005 20230906184334.0
007 t|
008 061121s1971 sp r ||||1| spa d
100 1 _aMorales, Emilio.
_982981
245 1 4 _aLos corceles del mar /
_cEmilio Morales.
250 _a1.ยช ed.
260 _aBilbao :
_bNoticiero Bilbaino,
_c1971.
300 _a237 p. ;
_c19 cm.
852 _aES-MaACL
_jC-41180
_bR.78277
999 _c107052
_d107052